Riconosci lo Stato - Quiz n°98 - Statistics

Statistiche generali
  • Questo quiz è stato fatto 30 volte
  • Il punteggio medio è 12 su 13
Statistiche sulle risposte
Indizio Risposta % Corretto
Popolazione 10.120.000 ab.
96%
Indipendenza 5 ottobre 1143 dal Regno delle Asturie
96%
Iniziale della Capitale L
96%
Presidente della Repubblica Marcelo Rebelo de Sousa
96%
Fuso Orario UTC UTC+1 in ora legale
96%
Tasso di crescita -0,35%
92%
ISU 0,866
92%
PIL (nominale) 212 446 milioni di $
92%
Superficie 92.391 km²
92%
Primo ministro António Costa
92%
Valuta Euro
92%
Risposta Portogallo
92%
Forma di Governo Repubblica semipresidenziale
92%
Nessun quiz corrispondente trovato
Distribuzione punteggi
Percentuale di utenti per punteggio
Percentile per numero di risposta
I tuoi punteggi nel tempo
Non hai fatto questo quiz